00590nam a2200205Ia 4500008004100000050000900041050001500050100003100065245007100096245003000167260003100197260001000228260001000238300001500248300002000263300001100283500005600294650002200350650001200372150520s9999 xx 000 0 und d aT 1  b.T161 2015 aTan, Schenine Janielle L.  aPayroll management system for marcbilt construction incorporated/  cSchenine Janielle L. Tan. aLas Piñas, Philippines : bSISC, c2015. a61 pages : billustrations ; c28 cm. aIncludes bibliographical references and appendices. aManagement System xFinance